Регионална библиотека "Любен Каравелов" - Русе

Книга за Балтиморови (Запис номер 520690)

MARC детайли
000 -Лидер
Лидер 01441nam a2200325 a 4500
003 - Код на организацията, давaща контролен номер
Код на организацията, даваща контролен номер BLK
005 - Дата и час на последна редакция
Дата и час на последна редакция 20250721092027.0
008 - Елементи от данни с фиксирана дължина
Елементи с фиксирана дължина 180411b bul|||||r ||||||| ||bul||
020 ## - Международен стандартен номер на книга ISBN
ISBN 9786190214465
020 ## - Международен стандартен номер на книга ISBN
ISBN 978-619-02-1446-5
040 ## - Източник на каталожния запис
Код на библиотеката BLK
041 ## - Код за език
Език Български
Език за КДБФ Български
080 ## - УДК
УДК текст Швейцарска литература на френски език
УДК код 821.133.1(494)
УДК – код + определител 821.133.1(494)-31
9 (RLIN) 460472
084 ## - Класификационен индекс по друга класификация
Авторски знак Ди - Д 53
100 1# - Редна дума - Автор
Автор Дикер, Жоел
Години, свързани с автора 1985 -
R(LIN) 61431
245 10 - Сведения за заглавието
Заглавие Книга за Балтиморови
Авторска отговорност Жоел Дикер; прев. от фр. Красимир Петров.
250 ## - Област на изданието
Поредност на изданието [2. изд.]
257 ## - Страна на издаване
Страна на създаване/издаване Швейцария
260 ## - Област на издателските данни
Място на издаване София
Име на издателя Колибри
Година на издаване 2024
Печатница [Костинброд] : Мултипринт ООД
9 (RLIN) 209486
Издателство - префикс ISBN 978-619-02- ; 978-619-150- ; 978-954-150- ; 978-954-529-
300 ## - Физическа характеристика
Брой страници 463 с.
Размер 22 см
380 ## - Жанр
Жанр Худож. лит.
500 ## - Общи забележки
Обща забележка Ориг. загл. Le livre des Baltimore / Joel Dicker. - 1. изд. 2016. - Биогр. данни за авт. отбелязани на гърба на кор.
700 1# - Други автори (авторска отговорност)
Друг автор Петров, Красимир Тодоров
Авт. отговорност на др. автор прев. от фр.
9 (RLIN) 364448
852 ## - Местоположение
Сигнатура (форматна) Цб 324985
Отдел Хранилище
852 ## - Местоположение
Отдел Заемна - подръчен фонд
Систематично-азбучна сигнатура 821-31/Д 53 Ж
942 ## - АРТИКУЛИ
Вид на библиотечния документ Книги
Скрит в OPAC Не
Периодичен библиозапис Да
Koha issues (borrowed), all copies 11
944 ## - СЪЗДАВАНЕ И РЕДАКЦИЯ на ЗАПИСА
Дата на регистрацията/редакция Севдалина Тодорова
Служител, извършил регистрацията/редакцията 30535
Номер на служител Христина Везирева
944 ## - СЪЗДАВАНЕ И РЕДАКЦИЯ на ЗАПИСА
Създаване/Редакция Редакция
Дата на регистрацията/редакция 2025-01-15
Служител, извършил регистрацията/редакцията М.Я.
999 ## - СИСТЕМНИ КОНТРОЛНИ НОМЕРА
Koha biblionumber 520690
Koha biblioitemnumber 520690
Наличности
Код за отписване Код за изгубен артикул Източник на класификационната схема Код за повреда Коз за рестрикции Код за отдаване Артикулен № Име на библиотеката - собственик Име на библиотеката, в която се намира в момента Статус (Текущо местоположение) Дата на вписване в системата Местоположение - отдел Цена в лева Инвентарен номер Систематично азбучна сигнатура Баркод Цена в евро Служебен тип на артикула
  Не е изгубен Universal Decimal Classification Не е повреден само за читалня ползва се в читалня 953460 Регионална библиотека "Любен Каравелов" Русе Регионална библиотека "Любен Каравелов" Русе Хранилище 2024-10-30 Хранилище 24.00 120000914262 Цб 324985 120000914262 12.27 Книги
  Не е изгубен Universal Decimal Classification Не е повреден   заемане за дома 958489 Регионална библиотека "Любен Каравелов" Русе Регионална библиотека "Любен Каравелов" Русе Заемна - подръчен фонд 2025-01-16 Заемна - подръчен фонд 15.60 120000917039 821-31/Д 53 Ж 120000917039 7.98 Книги
  Не е изгубен Universal Decimal Classification Не е повреден   заемане за дома 958490 Регионална библиотека "Любен Каравелов" Русе Регионална библиотека "Любен Каравелов" Русе Заемна - подръчен фонд 2025-01-16 Заемна - подръчен фонд 15.60 120000917040 821-31/Д 53 Ж 120000917040 7.98 Книги
Vip Innovations Ltd, Rousse, Bulgaria 2025